Centro de turismo en puerto barrios

Presenta el desarrollo turístico de la costa Nor-Oriental del país, analizando sus estructuras físicas y turísticas de esta área y sus alrededores.

Bibliographic Details
Main Author: Palacios Jiménez, Carlos Enrique
Other Authors: Tutor: Schwank, Fernando
Format: Tesis Section = Libro
Language:Undetermined
Spanish
Published: Guatemala USAC-G 1972
Subjects:
LEADER 00772nam a2200217Ia 4500
008 240830s9999 xx 000 0 und d
040 |a BIBLIOTECA-RUSB/ Mon 728.317281 P153 
041 |a spa 
082 |a Mon 728.317281 P153 
100 1 |a Palacios Jiménez, Carlos Enrique 
245 1 0 |a Centro de turismo en puerto barrios 
260 |a Guatemala  |b USAC-G  |c 1972 
300 |a 68 p. :il. 
502 |a Tesis (Arquitecto) - USAC-G, 1972. 
520 3 |a Presenta el desarrollo turístico de la costa Nor-Oriental del país, analizando sus estructuras físicas y turísticas de esta área y sus alrededores. 
650 7 |a VIVIENDAS MULTIFAMILIARES 
650 7 |b  HOTELES-GUATEMALA I 
700 1 |a Tutor:  |b Schwank, Fernando 
942 |c BK  |2 ddc 
991 |a TESIS 
999 |c 21494